Flag but I draw it Blindfolded - Statistics

General Stats
  • This quiz has been taken 61 times
  • The average score is 11 of 16
Answer Stats
Picture Answer % Correct
Brazil
98%
Japan
95%
South Africa
95%
United States
93%
Israel
91%
China
84%
Turkey
80%
Saudi Arabia
79%
Argentina
75%
South Korea
75%
Canada
59%
United Kingdom
57%
Pakistan
46%
India
41%
Portugal
30%
Mexico
29%
No matching quizzes found
Score Distribution
Percent of People with Each Score
Percentile by Number Answered
Your Score History
You have not taken this quiz